Electromechanical energy conversion (Record no. 7935)

000 -LEADER
fixed length control field 00468nam a22001817a 4500
001 - CONTROL NUMBER
control field 7935
003 - CONTROL NUMBER IDENTIFIER
control field BD-DhUET
008 - FIXED-LENGTH DATA ELEMENTS--GENERAL INFORMATION
fixed length control field 141214b xxu||||| |||| 00| 0 eng d
040 ## - CATALOGING SOURCE
Original cataloging agency DLC
Transcribing agency DLC
Modifying agency BD-DhUET
082 ## - DEWEY DECIMAL CLASSIFICATION NUMBER
Classification number 623.13
Item number GOU/1965
100 ## - MAIN ENTRY--PERSONAL NAME
Personal name Gourishankar, Vembu
245 ## - TITLE STATEMENT
Title Electromechanical energy conversion
250 ## - EDITION STATEMENT
Edition statement 1st ed.
260 ## - PUBLICATION, DISTRIBUTION, ETC. (IMPRINT)
Place of publication, distribution, etc. Scranton
Name of publisher, distributor, etc. International textbook
Date of publication, distribution, etc. 1965
300 ## - PHYSICAL DESCRIPTION
Extent xviii, 564p.
Other physical details ill.
650 #0 - SUBJECT ADDED ENTRY--TOPICAL TERM
Topical term or geographic name as entry element Electric machinery
942 ## - ADDED ENTRY ELEMENTS (KOHA)
Koha item type General Book
Holdings
Copy number Withdrawn status Koha normalized classification for sorting Damaged status Koha date last seen Koha item type Price effective from Date acquired Lost status Koha full call number Piece designation (barcode) Not for loan Source of classification or shelving scheme Location (home branch) Sublocation or collection (holding branch) Shelving location
1 623_130000000000000_GOU_1965 2014-12-14General Book2014-12-142014-12-14 623.13/GOU/196516494  Central Library, BUETCentral Library, BUETCirculation section
2 623_130000000000000_GOU_1965 2015-05-03General Book2015-05-032015-05-03 623.13/GOU/196519014  Central Library, BUETCentral Library, BUETCirculation section
3 623_130000000000000_GOU_1965 2015-05-03General Book2015-05-032015-05-03 623.13/GOU/196516493  Central Library, BUETCentral Library, BUETCirculation section
4 623_130000000000000_GOU_1965 2015-05-03General Book2015-05-032015-05-03 623.13/GOU/196516492  Central Library, BUETCentral Library, BUETCirculation section
5 623_130000000000000_GOU_1965 2015-05-03General Book2015-05-032015-05-03 623.13/GOU/196516496  Central Library, BUETCentral Library, BUETCirculation section
6 623_130000000000000_GOU_1965 2015-05-03General Book2015-05-032015-05-03 623.13/GOU/196516495  Central Library, BUETCentral Library, BUETCirculation section
7 623_130000000000000_GOU_1965 2015-07-12General Book2015-07-122015-07-12 623.13/GOU/196526524  Central Library, BUETCentral Library, BUETCirculation section